00612nam a2200205Ia 450000500170000000800410001702000150005808200130007310000350008624500670012125000080018826000330019630000130022965000150024265000210025765000120027894200060029095200950029699900150039120240822062456.0240331s9999 xx 000 0 und d a0140249478 bMCFa420 aMcFarlane, J.A. & Clements,W 4aThe globe and mail style book :ba guide to language and usage a3rd aTorantobPenguin Groupc1995 a405 p ., aJournalism aEnglish Language aHistory cL 001040708LaWERCLbWERCLcSSCd2024-03-31l0o 420 MCFp1836r2024-03-31w2024-03-31yL c3012d3012